El Excmo. y Rmo. Sr. Dr. D. Pascual Díaz y Barreto : arzobispo de México /

Biografía de Pascual Díaz y Barreto (1875-1936), nacido en Zapopan, Jalisco y llegó a ser arzobispo de México.

Guardado en:
Detalles Bibliográficos
Autor principal: Carreño, Alberto María (autor)
Formato: Libro
Idioma:Español
Colección:(Homenajes Póstumos)
Temas:
Etiquetas: Agrega una etiqueta
Sin etiquetas, Sé el primero en etiquetar este registro!

MARC

LEADER 00000nam^a2200000^a^4500
001 000119373
005 20250521000000.0
009 20260310094313.03
037 |a Acervo ITESO - Biblioteca 
041 |a ESP 
082 |a 200. 92  |b CAR 
100 |a Carreño, Alberto María  |e (autor) 
245 1 3 |a El Excmo. y Rmo. Sr. Dr. D. Pascual Díaz y Barreto :  |b arzobispo de México /  |c A.M. Carreño. 
264 |a México :  |b Imprenta Victoria,  |c 1936 
300 |a 208 p. 
336 |a texto  |b txt  |2 rdacontenido 
337 |a sin mediación  |b n  |2 rdamedio 
338 |a volumen  |b nc  |2 rdasoporte 
440 1 |a (Homenajes Póstumos) 
520 |a Biografía de Pascual Díaz y Barreto (1875-1936), nacido en Zapopan, Jalisco y llegó a ser arzobispo de México. 
649 |a XX 
650 |a Obispos de México (Ciudad) -  |x Biografías 
650 |a Obispos de México -  |x Biografías 
650 |a Religiosos Jaliscienses -  |x Biografías 
650 |a Religiosos Mexicanos -  |x Biografías 
650 |a Iglesia Católica en México 
650 |a Catolicismo 
650 |a Cristianismo 
650 |a Religión 
650 |a Díaz y Barreto, Pascual 
910 |a Fondo Salvador Reynoso Reynoso 
920 |a Impresos - Libros 
930 |a Fondos Especiales 
905 |a 112 
901 |a 0800005108  |b IT2  |c ESP  |u 20250521 
902 |a https://opac.biblio.iteso.mx/vufind/Record/000119373